000 00734nam a2200253Ia 4500
003 OSt
005 20220923213943.0
006 a|||||r|||| 00| 0
007 ta
008 220922b |||||||| |||| 00| 0 hin d
020 _c5
024 _a165,861
037 _cTextual
040 _aARTS
_cARTS
_bhin
041 _2hin
_ahin
082 _aO152,1N01,22, H7
100 _aपंत, सुमित्रानन्दन
245 0 _aस्वर्ण धूलि
246 _aSvarṇa dhūli
260 _c1959
650 _aहिन्दी साहित्य
_9156264
942 _hO152,1N01,22, H7
_cTEXL
_2CC
999 _c320340
_d320340